Music Quiz

Random Music or Song Quiz

VH1's Greatest Women in Music: That Almost Made It Quiz Stats

 Plays Quiz not verified by Sporcle

Score 0/15 Timer 08:00
0 Plays Today
Artist % Correct
Sinead O'Connor
89%
Dolores O'Riordan - Cranberries
65.3%
Vanessa Carlton
63.6%
Ciara
56.6%
Christina Perri
54.3%
Michelle Branch
37%
Sugarland
33.5%
Danity Kane
30.6%
Artist % Correct
The Corrs
30.1%
Enya
28.3%
Lily Allen
28.3%
Duffy
26.6%
Jessica Simpson
26.6%
Glee Cast Ladies
26%
Selena
26%

You're not logged in!

Compare scores with friends on all Sporcle quizzes.
OR
Log In

Show Comments

Extras

Top Quizzes Today


Score Distribution

Your Account Isn't Verified!

In order to create a playlist on Sporcle, you need to verify the email address you used during registration. Go to your Sporcle Settings to finish the process.

Report this User

Report this user for behavior that violates our Community Guidelines.

Details: